ARRUPE JESUIT UNIVERSITY

CORONAVIRUS -STOP THE SPREAD - CLEAN,DISINFECT,COVER

Testament and testimony: (Record no. 121956)

MARC details
000 -LEADER
fixed length control field 00532nam a22001577a 4500
005 - DATE AND TIME OF LATEST TRANSACTION
control field 20150213141522.0
008 - FIXED-LENGTH DATA ELEMENTS--GENERAL INFORMATION
fixed length control field 150129b xxu||||| |||| 00| 0 eng d
050 ## - LIBRARY OF CONGRESS CALL NUMBER
Classification number BX3756.I31A3
Item number D618
100 ## - MAIN ENTRY--PERSONAL NAME
Personal name Ignatius of Loyola, St.
9 (RLIN) 14828
245 ## - TITLE STATEMENT
Title Testament and testimony:
Remainder of title the memoirs of ignatius of Loyola
Statement of responsibility, etc Ignatius of Loyola, St.
260 ## - PUBLICATION, DISTRIBUTION, ETC. (IMPRINT)
Place of publication, distribution, etc Anand
Name of publisher, distributor, etc Gujarat Sahitya Prakash
Date of publication, distribution, etc 1994
300 ## - PHYSICAL DESCRIPTION
Extent 111p.;
Dimensions 21cm.
600 ## - SUBJECT ADDED ENTRY--PERSONAL NAME
Personal name Ignatius
Geographic subdivision of Loyola
9 (RLIN) 14829
600 ## - SUBJECT ADDED ENTRY--PERSONAL NAME
Personal name Divarkar, Parmananda R (tr)
9 (RLIN) 15047
942 ## - ADDED ENTRY ELEMENTS (KOHA)
Source of classification or shelving scheme Library of Congress Classification
Item type Monograph ( Printed materials)
Holdings
Withdrawn status Lost status Source of classification or shelving scheme Damaged status Not for loan Collection code Home library Current library Shelving location Date acquired Total Checkouts Full call number Barcode Date last seen Date last borrowed Price effective from Koha item type
    Library of Congress Classification     Main Collection ARRUPE LIBRARY ARRUPE LIBRARY Main Collection 29/01/2015 1 BX3756.I31A3 D618 46500001077 22/11/2017 04/11/2016 29/01/2015 Monograph ( Printed materials)

 

Arrupe Library. PO Box MP320 Mt Pleasant, Harare, Zimbabwe
263 242 745411|librarian@aju.ac.zw